000 01082nam a2200313 i 4500
003 DO-SdBNP
005 20260204065611.0
007 ta
008 260204b2019 dr a ||| |||| 00| 0 spa d
020 _a9789945805079
040 _aDO-SdBNP
_bspa
_cBNPHU
_erda
041 _aspa
082 4 _axxx
_bP197s
_222
100 _aToribio, Gabriel A.,
_eautor
_4aut.
_975769
245 1 0 _aPapaya splash 2/
_cGabriel A. Toribio ; edición, Milena Herazo ; corrección, Alexis Peña
264 1 _aSanto Domingo :
_bPapaya Studios,
_c2019.
300 _a [60] páginas :
_bilustraciones ;
_c25 cm.
336 _atexto
_btxt
_2rdacontent
337 _asin mediación
_bn
_2rdamadia
338 _avolumen
_bnc
_2rdavolumen
590 _aInventariado 2026/BT
650 4 _aTiras Cómicas, Historietas, etc.
_xRepública Dominicana
_911307
650 4 _aJuegos al aire libre
_xRepública Dominicana
_940110
650 4 _940109
_aJuegos en grupos
700 1 _aPeña, Alexis,
_ecorrector
_4corr.
_976818
700 1 _aHerazo, Milena ,
_eeditor
_4ed.
_976820
910 _aMFeliz
942 _2ddc
_cLBS1
999 _c60201
_d60201